00374 a2200097 4500001001000000005001700010008004100027245005600068100002300124773012900147ART_2352820260410161931.0260409a 10aLa economía de la investigación y el desarrollo1 aSjaastad, Larry A.0 tRevista de la Facultad de Ciencias Económicas de la Universidad de Cuyog- Año XXI, Nº 61/63 (ene./dic. 1969)wREV22981